Online
Catalog

Molinos y panaderias tradicionales / (Record no. 11334)

MARC details
000 -CABECERA
campo de control de longitud fija 00903cam a2200265 a 4500
001 - NÚMERO DE CONTROL
campo de control 000011643
005 - FECHA Y HORA DE LA ÚLTIMA TRANSACCIÓN
campo de control 20200929162519.0
008 - DATOS DE LONGITUD FIJA--INFORMACIÓN GENERAL
campo de control de longitud fija 851113s1983 sp a b f000 0 spa
020 ## - NÚMERO INTERNACIONAL ESTÁNDAR DEL LIBRO
Número Internacional Estándar del Libro 8427606214
035 ## - NÚMERO DE CONTROL DEL SISTEMA
Número de control de sistema (DLC) 84194740
040 ## - FUENTE DE LA CATALOGACIÓN
Centro catalogador/agencia de origen DO-SdBNP
Centro/agencia transcriptor DLC
Centro/agencia modificador BNPHU
082 ## - NÚMERO DE LA CLASIFICACIÓN DECIMAL DEWEY
Número de clasificación 664.752
Número de documento/Ítem E74m
049 ## - FONDOS LOCALES (OCLC)
Fondos de biblioteca BNGR
100 1# - ENTRADA PRINCIPAL--NOMBRE DE PERSONA
Nombre de persona Escalera Reyes, Javier.
9 (RLIN) 27573
245 10 - MENCIÓN DE TÍTULO
Título Molinos y panaderias tradicionales /
Mención de responsabilidad, etc. Javier Escalera Reyes, Antonio Villegas Santaella.
260 ## - PUBLICACIÓN, DISTRIBUCIÓN, ETC.
Lugar de publicación, distribución, etc. Madrid :
Nombre del editor, distribuidor, etc. Nacional,
Fecha de publicación, distribución, etc. c1983.
300 ## - DESCRIPCIÓN FÍSICA
Extensión 318 p. :
Otras características físicas il. ;
Dimensiones 22 cm.
490 1# - MENCIÓN DE SERIE
Mención de serie Artes del tiempo y del espacio
Designación de volumen o secuencia 8
504 ## - NOTA DE BIBLIOGRAFÍA, ETC.
Nota de bibliografía, etc. Includes bibliographies.
650 #4 - PUNTO DE ACCESO ADICIONAL DE MATERIA--TÉRMINO DE MATERIA
Término de materia o nombre geográfico como elemento de entrada Molinos de harina
Subdivisión geográfica España
Subdivisión general Historia
9 (RLIN) 27574
650 #4 - PUNTO DE ACCESO ADICIONAL DE MATERIA--TÉRMINO DE MATERIA
Término de materia o nombre geográfico como elemento de entrada Panaderías
Subdivisión geográfica España
Subdivisión general Historia
9 (RLIN) 27575
700 1# - PUNTO DE ACCESO ADICIONAL--NOMBRE DE PERSONA
Nombre de persona Villegas Santaella, Antonio.
9 (RLIN) 27576
830 #0 - PUNTO DE ACCESO ADICIONAL DE SERIE-TÍTULO UNIFORME
Título uniforme Artes del tiempo y del espacio ;
Designación de volumen o secuencia 8.
9 (RLIN) 27462
910 ## - DATOS DE OPCIÓN DEL USUARIO (OCLC)
Datos de opción del usuario Catalogación por copia / LC
Holdings
Estado de retiro Estado de pérdida Restricciones de uso No para préstamo Código de colección Localización permanente Ubicación/localización actual Ubicación en estantería Fecha de adquisición Número de inventario Total de préstamos Signatura topográfica completa Código de barras Fecha visto por última vez Precio válido a partir de Tipo de ítem Koha
    Préstamo interno   Monografías: Libros y Folletos General General En catalogación 22.10.2009 LF1   664.752 E74m 11643-10 25.06.2020 25.06.2020 Préstamo interno

Powered by Koha